000 01132cam a22002055a 4500
001 L150295
008 100623e2010 xxk 000 0 eng d
035 _a(Sirsi) u150295
041 0 _aeng
100 1 _aHatcher, David
245 0 0 _aMarkets
_bSouth Wales
260 _c2010
490 0 _aProperty Week
_v76(24)18 June 2010, 57-62(5)
520 _aWelsh Assembly's £500m annual spend on its £12bn property portfolio comes under scrutiny and the 14m sq ft occupied by the Welsh NHS likely to be reduced. Chester Properties boosts footfall at its Ebbw Vale outlet centre with a dry toboggan slide and adventure playground. Rush develops a new Maldron hotel in Cardiff. RO Developments provides Dragon 24 small office and hybrid units in Llanelli, Swansea and Pensarn. Volume housebuilder, St Modwen, has regained its appetite for purchasing sites in Wales. Carmathen's St Catherine?s Walk, the only shopping centre to have opened in the UK in 2010, is 80% let.
590 _aKA
651 4 _aWales
_y2007-
690 _aPROPERTY-COMMERCIAL PROPERTY-COMMERCIAL PROPERTY MARKET
700 1 _aHayward, Richard
942 _n0
999 _c82444
_d82444